000 01328nac a22003371i 4500
003 EG-ScBUE
005 20240805100609.0
008 240805t1997 cauab f b 001 0 eng d
020 _a9780520201019
020 _a0520201019 (pbk. : alk. paper)
040 _aEG-ScBUE
_beng
_erda
_cEG-ScBUE
_dEG-ScBUE
043 _aa-jo---
082 0 4 _a956.950049
_bSHR
_222
100 1 _aShryock, Andrew,
_eauthor.
245 1 0 _aNationalism and the genealogical imagination :
_boral history and textual authority in tribal Jordan /
_cAndrew Shryock.
264 1 _aBerkeley, California :
_bUniversity of California Press,
_c[1997]
264 4 _cc1997
300 _axi, 359 pages :
_billustrations, maps ;
_c24 cm
336 _2rdacontent
_atext
_btxt
337 _aunmediated
_2rdamedia
_bn
338 _avolume
_bnc
_2rdacarrier
504 _aIncludes bibliographical references and index.
650 7 _aBedouins
_zJordan.
_2BUEsh
650 7 _aBedouins
_zJordan
_xHistoriography.
_2BUEsh
650 7 _aOral tradition
_zJordan.
_2BUEsh
651 7 _aJordan
_xGenealogy.
_2BUEsh
655 _vReading book
856 4 2 _3Contributor biographical information
_uhttp://www.loc.gov/catdir/bios/ucal051/95039809.html
856 4 2 _3Publisher description
_uhttp://www.loc.gov/catdir/description/ucal041/95039809.html
942 _cBB
_2ddc
999 _c5176
_d5176